Introduction to research in the health sciences / (Record no. 278741)
[ view plain ]
| 000 -LEADER | |
|---|---|
| fixed length control field | 02166cam a22003614a 4500 |
| 001 - CONTROL NUMBER | |
| control field | 14703060 |
| 005 - DATE AND TIME OF LATEST TRANSACTION | |
| control field | 20150127112130.0 |
| 008 - FIXED-LENGTH DATA ELEMENTS--GENERAL INFORMATION | |
| fixed length control field | 070117s2008 stka b 001 0 eng |
| 010 ## - LIBRARY OF CONGRESS CONTROL NUMBER | |
| LC control number | 2007002160 |
| 020 ## - INTERNATIONAL STANDARD BOOK NUMBER | |
| International Standard Book Number | 9780443074295 (pbk.) |
| 020 ## - INTERNATIONAL STANDARD BOOK NUMBER | |
| International Standard Book Number | 0443074291 |
| 020 ## - INTERNATIONAL STANDARD BOOK NUMBER | |
| International Standard Book Number | 9789812728555 |
| 035 ## - SYSTEM CONTROL NUMBER | |
| System control number | (DNLM)101297495 |
| 040 ## - CATALOGING SOURCE | |
| Original cataloging agency | DNLM/DLC |
| Transcribing agency | DLC |
| Modifying agency | DLC |
| 042 ## - AUTHENTICATION CODE | |
| Authentication code | pcc |
| 050 00 - LIBRARY OF CONGRESS CALL NUMBER | |
| Classification number | R 850 |
| Item number | .P5 2010 |
| 060 10 - NATIONAL LIBRARY OF MEDICINE CALL NUMBER | |
| Classification number | W 20.5 |
| Item number | P765i 2008 |
| 082 00 - DEWEY DECIMAL CLASSIFICATION NUMBER | |
| Classification number | 610.72 |
| 100 1# - MAIN ENTRY--PERSONAL NAME | |
| Personal name | Polgar, Stephen. |
| 245 10 - TITLE STATEMENT | |
| Title | Introduction to research in the health sciences / |
| Statement of responsibility, etc | Stephen Polgar, Shane A. Thomas. |
| 250 ## - EDITION STATEMENT | |
| Edition statement | 5th ed. |
| 260 ## - PUBLICATION, DISTRIBUTION, ETC. (IMPRINT) | |
| Place of publication, distribution, etc | Edinburgh ; |
| -- | New York : |
| Name of publisher, distributor, etc | Elsevier, |
| Date of publication, distribution, etc | 2010. |
| 300 ## - PHYSICAL DESCRIPTION | |
| Extent | vii, 334 pages : |
| Other physical details | illustrations ; |
| Dimensions | 25 cm. |
| 504 ## - BIBLIOGRAPHY, ETC. NOTE | |
| Bibliography, etc | Includes bibliographical references (301-303) and index. |
| 505 0# - FORMATTED CONTENTS NOTE | |
| Formatted contents note | Methods and health research: discussion, questions, and answers -- Research planning -- Sampling methods and external validity -- Causal research and internal validity: discussion, questions, and answers -- Experimental designs and intervention studies -- Surveys and quasi-experimental designs -- Single case (n=1) designs -- Qualitative research -- Questionnaire design -- Interview techniques and the analysis of interview data -- Observation -- Measurement: discussion, questions, and answers -- Organization and presentation of data -- Measures of central tendency and variability -- Standard scores and normal curve -- Correlation: discussion, questions, and answers -- Probability and sampling distributions -- Hypothesis testing -- Selection and use of statistical tests -- The interpretation of research evidence: Discussion, questions, and answers -- Qualitative data analysis -- Presentation of health science research -- Critical evaluation of published research -- Synthesis of research evidence. |
| 650 #0 - SUBJECT ADDED ENTRY--TOPICAL TERM | |
| Topical term or geographic name as entry element | Medicine |
| General subdivision | Research |
| -- | Methodology. |
| 650 12 - SUBJECT ADDED ENTRY--TOPICAL TERM | |
| Topical term or geographic name as entry element | Biomedical Research |
| General subdivision | methods. |
| 650 22 - SUBJECT ADDED ENTRY--TOPICAL TERM | |
| Topical term or geographic name as entry element | Research Design. |
| 700 1# - ADDED ENTRY--PERSONAL NAME | |
| Personal name | Thomas, Shane A. |
| 906 ## - LOCAL DATA ELEMENT F, LDF (RLIN) | |
| a | 7 |
| b | cbc |
| c | orignew |
| d | 1 |
| e | ecip |
| f | 20 |
| g | y-gencatlg |
| 942 ## - ADDED ENTRY ELEMENTS (KOHA) | |
| Source of classification or shelving scheme | Library of Congress Classification |
| Koha item type | Books |
| Withdrawn status | Lost status | Source of classification or shelving scheme | Damaged status | Home library | Current library | Shelving location | Date acquired | Source of acquisition | Sub Shelving location | Total Checkouts | Full call number | Barcode | Date last seen | Price effective from | Koha item type |
|---|---|---|---|---|---|---|---|---|---|---|---|---|---|---|---|
| Library of Congress Classification | South SEED-LPDH College Library | South SEED-LPDH College Library | South SEED-LPDH College Section | 01/27/2015 | Library Fund | R 850 .P5 2010 | SSLC1391 | 04/20/2017 | 01/27/2015 | Books |